000 00437nam a22001817a 4500
003 Ost
005 20220826214129.0
008 220826b |||||||| |||| 00| 0 eng d
020 _aNA
040 _cBT-PhCST
050 _a4136
082 _222
_a621.312
100 _aTaylor, E. Openshaw and Rao, V. V. L.
245 _aUtilisation of electric energy /
260 _bOrient Longman,
_cc2002.
300 _a0
_bill. ;
942 _2ddc
_cEE
999 _c1580
_d1580